000 00442nam a2200157 4500
001 131406
003 ES-MaACL
005 20230906193956.0
007 t|
008 070214s1972 sp r ||||1| spa d
100 1 _aRoca Muntañola, Julio.
_998004
245 1 0 _aIntroducción a la parapsicología /
_cpor J. Roca Muntañola.
260 _aBarcelona :
_bAlas,
_c1972.
300 _a155 p. ;
_c21 cm.
852 _aES-MaACL
_jC-48793
_bR.84867
999 _c131406
_d131406